Most Populous Towns in Co. Louth - Statistics

General Stats
  • This quiz has been taken 22 times
  • The average score is 6 of 10
Answer Stats
# Town Population % Correct
1 Drogheda 44,135
100%
2 Dundalk 43,112
100%
3 Ardee 5,478
81%
8 Carlingford 1,528
75%
4 Clogherhead 2,275
63%
5 Dunleer 2,143
56%
6 Termonfeckin 1,983
56%
9 Dromiskin 1,292
38%
10 Castlebellingham-Kilsaran 1,232
31%
7 Tullyallen 1,697
25%
No matching quizzes found
Score Distribution
Percent of People with Each Score
Percentile by Number Answered
Your Score History
You have not taken this quiz